[Event "Collado Villalba op 38th"]
[Site "Collado Villalba"]
[Date "2021.08.26"]
[Round "6"]
[White "Rodriguez Hernandez, Antonio"]
[Black "Cuellar Gutierrez, Raul"]
[Result "1/2-1/2"]
[WhiteElo "1676"]
[BlackElo "2006"]
[PlyCount "67"]
[EventDate "2021.08.21"]
[EventType "swiss"]
[EventRounds "9"]
[EventCountry "ESP"]
[SourceTitle "CBM 204 Extra"]
[Source "ChessBase"]
[SourceDate "2021.11.30"]
[SourceVersion "1"]
[SourceVersionDate "2021.11.30"]
[SourceQuality "1"]

1. e4 e6 2. d4 d5 3. e5 c5 4. c3 Nc6 5. Nf3 Qb6 6. a3 c4 7. Nbd2 Na5 8. Rb1 Bd7 9. b3 cxb3 10. Nxb3 Ba4 11. Nxa5 Qxa5 12. Qxa4+ Qxa4 13. Bb5+ Qxb5 14. Rxb5 b6 15. a4 Rc8 16. Bd2 Ne7 17. a5 bxa5 18. Rxa5 Nc6 19. Ra6 Be7 20. Ke2 Kd7 21. Rb1 Rb8 22. Raa1 a5 23. Ne1 f6 24. exf6 gxf6 25. Nc2 e5 26. dxe5 fxe5 27. Ne3 Ke6 28. c4 d4 29. Nd5 Bb4 30. Bxb4 axb4 31. Ra6 Kd7 32. Nf6+ Kc7 33. Nd5+ Kd7 34. Nf6+ 1/2-1/2